[Event "Barcelona La Lira op 14th"]
[Site "Barcelona"]
[Date "2023.06.08"]
[Round "8"]
[White "Alonso Gonzalez, Carlos"]
[Black "Sobrepere Profitos, Josep Ma"]
[Result "1-0"]
[WhiteElo "1932"]
[BlackElo "1621"]
[PlyCount "51"]
[EventDate "2023.04.20"]
[EventType "swiss"]
[EventRounds "9"]
[EventCountry "ESP"]
[SourceTitle "EXT 2024"]
[Source "ChessBase"]
[SourceDate "2023.10.10"]
[SourceVersion "1"]
[SourceVersionDate "2023.10.10"]
[SourceQuality "1"]

1. d4 d5 2. Nc3 Nf6 3. Bf4 e6 4. e3 a6 5. g4 Bb4 6. Nge2 c5 7. a3 Ba5 8. dxc5 Nbd7 9. b4 Bc7 10. Bxc7 Qxc7 11. g5 Ng4 12. Nd4 Nge5 13. f4 Ng6 14. Bd3 Nxf4 15. exf4 Qxf4 16. Nf3 Ne5 17. 0-0 Ng4 18. Qe2 Ne3 19. Rfe1 d4 20. Nxd4 Qxg5+ 21. Kh1 Nd5 22. Ne4 Qf4 23. Rf1 Qh4 24. Nd6+ Kf8 25. Rxf7+ Kg8 26. N4f5 1-0

[Event "Barcelona La Lira op 14th"]
[Site "Barcelona"]
[Date "2023.04.20"]
[Round "1"]
[White "Alonso Gonzalez, Carlos"]
[Black "Fernandez Gonzalez, Jose"]
[Result "1-0"]
[WhiteElo "1932"]
[BlackElo "1582"]
[PlyCount "59"]
[EventDate "2023.04.20"]
[EventType "swiss"]
[EventRounds "9"]
[EventCountry "ESP"]
[SourceTitle "EXT 2024"]
[Source "ChessBase"]
[SourceDate "2023.10.10"]
[SourceVersion "1"]
[SourceVersionDate "2023.10.10"]
[SourceQuality "1"]

1. d4 Nf6 2. Nc3 d5 3. Bf4 c6 4. e3 Bf5 5. f3 e6 6. g4 Bg6 7. h4 h6 8. Bd3 Bxd3 9. Qxd3 Bd6 10. Nge2 Bxf4 11. Nxf4 Nbd7 12. 0-0-0 Qc7 13. g5 Ng8 14. g6 Ne7 15. Rdg1 Nf8 16. gxf7+ Kxf7 17. Rg2 Nf5 18. Rhg1 Rg8 19. h5 Re8 20. Nce2 Re7 21. e4 Nd6 22. e5 Nc8 23. Ng6 Nxg6 24. Qxg6+ Kf8 25. Qxh6 Ke8 26. Qg6+ Kd8 27. h6 Qd7 28. Nf4 Qe8 29. Qxe8+ Kxe8 30. h7 1-0

[Event "Barcelona Vila de Grаcia op 16th"]
[Site "Barcelona"]
[Date "2022.10.14"]
[Round "3"]
[White "Alcala Gonzalez, Cesar"]
[Black "Alonso Gonzalez, Carlos"]
[Result "1-0"]
[WhiteElo "2279"]
[BlackElo "1938"]
[PlyCount "107"]
[EventDate "2022.09.30"]
[EventType "swiss"]
[EventRounds "9"]
[EventCountry "ESP"]
[SourceTitle "EXT 2024"]
[Source "ChessBase"]
[SourceDate "2023.10.10"]
[SourceVersion "1"]
[SourceVersionDate "2023.10.10"]
[SourceQuality "1"]

1. d4 Nf6 2. c4 e5 3. dxe5 Ne4 4. a3 b6 5. Nd2 Nc5 6. b4 Ne6 7. Bb2 a5 8. b5 Bb7 9. Ngf3 Be7 10. e3 0-0 11. Be2 f6 12. 0-0 fxe5 13. Nxe5 Bf6 14. Bf3 Bxf3 15. Ndxf3 Qe8 16. Qd5 c6 17. Qd2 Ra7 18. Rad1 Kh8 19. Ng4 Bxb2 20. Qxb2 cxb5 21. cxb5 Rc7 22. Rd5 Nc5 23. Qd4 d6 24. Rxd6 Qxb5 25. Rd1 Nc6 26. Qf4 Rcc8 27. Qg5 Qb2 28. Qd5 Ne7 29. Qe5 Qxe5 30. Ngxe5 b5 31. h4 b4 32. axb4 axb4 33. Nd4 Ne4 34. Rd7 Ng6 35. Nxg6+ hxg6 36. f3 Ng3 37. Rb1 Rc4 38. Kf2 Nf5 39. Nxf5 gxf5 40. Rd4 Rc2+ 41. Kg3 Rc3 42. Kf4 Re8 43. Rbxb4 Rcxe3 44. Kxf5 Re2 45. g3 Rf8+ 46. Kg4 Re3 47. Rf4 Rd8 48. Rbe4 Ra3 49. Re7 Ra6 50. h5 Ra1 51. Rff7 Rg8 52. f4 Kh7 53. Re6 Ra4 54. h6 1-0

[Event "Foment Martinenc op-A 15th"]
[Site "Barcelona"]
[Date "2013.06.15"]
[Round "9"]
[White "Gonzalez Martin, Fernando"]
[Black "Alonso Gonzalez, Carlos"]
[Result "1/2-1/2"]
[WhiteElo "1943"]
[BlackElo "2058"]
[PlyCount "60"]
[EventDate "2013.04.20"]
[EventType "swiss"]
[EventRounds "9"]
[EventCountry "ESP"]
[SourceTitle "CBM 154 Extra"]
[Source "ChessBase"]
[SourceDate "2013.06.25"]
[SourceVersion "2"]
[SourceVersionDate "2013.06.25"]
[SourceQuality "1"]

1. d4 Nf6 2. c4 g6 3. Nf3 Bg7 4. Bf4 0-0 5. e3 d6 6. Nc3 Nc6 7. Be2 Bg4 8. h3 Bxf3 9. Bxf3 e5 10. dxe5 dxe5 11. Bg5 Qxd1+ 12. Rxd1 e4 13. Bxf6 exf3 14. Bxg7 fxg2 15. Rg1 Kxg7 16. Rxg2 Ne5 17. b3 Rad8 18. Rxd8 Rxd8 19. Ke2 c6 20. Rg1 f6 21. Ne4 b6 22. f4 Nf7 23. h4 Re8 24. Kf3 f5 25. Ng3 Kf6 26. e4 fxe4+ 27. Nxe4+ Kg7 28. h5 Nh6 29. hxg6 hxg6 30. Rd1 Re7 1/2-1/2